000 01720nam a22001937a 4500
999 _c58079
_d58079
003 Ge_BSU
005 20210609110836.0
008 210609s2021 ge ||||| |||| 00| 0 geo d
041 _ageo
080 _a574 ტ-77
100 _aტრეგუბოვი, ანდრეი
_911997
245 _aშავი ზღვის საქართველოს სანაპირო ზოლის ორსაგდულიანი მოლუსკის - Anadara inaequivalvis (Bruguire, 1989) ბიოეკოლოგია /)
_cტრეგუბოვი ანდრეი; სამეცნიერო ხელმძღვანელი რევაზ ზოსიძე; ბათუმის შოთა რუსთაველის სახელმწიფო უნივერსიტეტი; საბუნებისმეტყველო მეცნიერებათა და ჯანდაცვის ფაკულტეტი. ბიოლოგიის დეპარტამენტი.
264 _aბათუმი,
_c2021
300 _a122 გვ.
_bილ.
_c30 სმ.
504 _aბიბლიოგრ. გვ. 102-113
700 _aზოსიძე, რევაზ
_eსამეცნიერო ხელმძღვანელი
_911998
710 _aბათუმის შოთა რუსთაველის სახელმწიფო უნივერსიტეტი
_bსაბუნებისმეტყველო მეცნიერებათა და ჯანდაცვის ფაკულტეტი. ბიოლოგიის დეპარტამენტი.
_910400
942 _2udc
_cBK